[Event "GEO Women 66 Ch"]
[Site "?"]
[Date "2009.01.17"]
[Round "1.1"]
[White "Arabidze, Meri"]
[Black "Mikadze, Miranda"]
[Result "1-0"]
[WhiteElo "2246"]
[BlackElo "2287"]
[PlyCount "78"]
[EventDate "2009.01.21"]

1. d4 Nf6 2. c4 c6 3. Nf3 d5 4. Qb3 g6 5. Nc3 Bg7 6. Bf4 O-O 7. e3 e6 8. Be2
Nbd7 9. O-O b6 10. h3 Bb7 11. cxd5 exd5 12. a4 Re8 13. a5 b5 14. Qc2 a6 15. Ne5
Nxe5 16. Bxe5 Bf8 17. Bf3 Rc8 18. Qb3 h5 19. Rfe1 Rxe5 20. dxe5 Nd7 21. Be2
Nxe5 22. f4 Nd7 23. Bf3 Bd6 24. Rad1 Nc5 25. Qa2 Qf6 26. Ne2 Ne6 27. Qb1 Bb4
28. Rf1 Bc5 29. Rd3 Ng7 30. b4 Bd6 31. Nd4 Qe7 32. Rb3 Ne6 33. Nxe6 Qxe6 34. f5
Qe8 35. fxg6 fxg6 36. Qd3 Be5 37. Bd1 Kg7 38. Bc2 Rd8 39. Rbb1 Bc8 1-0

[Event "GEO Women 66 Ch"]
[Site "?"]
[Date "2009.01.17"]
[Round "1.2"]
[White "Paikidze, Nazi"]
[Black "Danelia, Mariam"]
[Result "1-0"]
[WhiteElo "2280"]
[BlackElo "2219"]
[PlyCount "67"]
[EventDate "2009.01.21"]

1. e4 c5 2. Nf3 d6 3. d4 cxd4 4. Nxd4 Nf6 5. Nc3 a6 6. Bg5 e6 7. f4 Be7 8. Qf3
Qc7 9. O-O-O Nbd7 10. g4 O-O 11. Bg2 Rb8 12. h4 b5 13. e5 dxe5 14. Nc6 Bc5 15.
Nxb8 Qxb8 16. Bxf6 Nxf6 17. fxe5 Qxe5 18. Rhe1 Qc7 19. g5 Nd7 20. Qc6 Qf4+ 21.
Kb1 Bf2 22. Rf1 Ne5 23. Qc7 Qg3 24. Rd8 Ng6 25. Qxc8 Qxg2 26. Rfd1 Qg4 27. h5
Bb6 28. Rxf8+ Nxf8 29. a3 a5 30. Qc6 b4 31. Qxb6 bxc3 32. Rd8 Qxg5 33. Qd6 Qg1+
34. Ka2 1-0

[Event "GEO Women 66 Ch"]
[Site "?"]
[Date "2009.01.17"]
[Round "1.3"]
[White "Lomineishvili, Maia"]
[Black "Khukhashvili, Sopiko"]
[Result "1-0"]
[WhiteElo "2437"]
[BlackElo "2422"]
[PlyCount "105"]
[EventDate "2009.01.21"]

1. Nf3 Nf6 2. c4 e6 3. g3 b6 4. Bg2 Bb7 5. O-O Be7 6. b3 O-O 7. Bb2 c5 8. e3
Nc6 9. Qe2 d5 10. d3 Qc7 11. Nc3 Rad8 12. Rad1 Rfe8 13. h3 a6 14. Rd2 Bf8 15.
Rc1 d4 16. exd4 Nxd4 17. Nxd4 cxd4 18. Ne4 Bxe4 19. Bxe4 Nxe4 20. Qxe4 e5 21.
a3 a5 22. Re2 Qd7 23. Qg2 Re6 24. Rce1 Bd6 25. Bc1 Qe7 26. f4 exf4 27. Bxf4
Bxf4 28. Rxe6 fxe6 29. gxf4 Rf8 30. Qg4 Rf6 31. f5 Qf8 32. Rxe6 Rxf5 33. Qe2 h6
34. Re8 Rf1+ 35. Kg2 Rf2+ 36. Qxf2 Qxe8 37. Qxd4 Qe2+ 38. Kg3 Qe1+ 39. Qf2 Qc3
40. Qxb6 Qxd3+ 41. Kf2 Qd2+ 42. Kf3 Qd3+ 43. Kf4 Qd2+ 44. Ke5 Qb2+ 45. Kd5 Qg2+
46. Kd6 Qxh3 47. c5 Qg3+ 48. Kd7 h5 49. c6 Kf7 50. c7 Qg4+ 51. Kd8 Qe4 52. Qf2+
Kg6 53. c8=Q 1-0

[Event "GEO Women 66 Ch"]
[Site "?"]
[Date "2009.01.17"]
[Round "1.4"]
[White "Gaprindashvili, Nona"]
[Black "Khurtsidze, Nino"]
[Result "0-1"]
[WhiteElo "2376"]
[BlackElo "2421"]
[PlyCount "62"]
[EventDate "2009.01.21"]

1. d4 Nf6 2. c4 e6 3. Nc3 Bb4 4. g3 O-O 5. Bg2 d5 6. cxd5 exd5 7. Nf3 c6 8. O-O
Re8 9. Bf4 Nbd7 10. a3 Bf8 11. b4 Nb6 12. Nd2 Bg4 13. Re1 Qd7 14. Qb3 Bh3 15.
Bh1 Nh5 16. Be3 f5 17. Nd1 f4 18. Bxf4 Nxf4 19. gxf4 Bd6 20. Nf1 Bxf4 21. Nde3
Re6 22. Ng2 Rg6 23. Ng3 Rf8 24. Nxf4 Rxf4 25. e3 Rf8 26. Ra2 h5 27. Be4 Re6 28.
Bb1 h4 29. Qd3 Rh6 30. f4 hxg3 31. hxg3 Bf5 0-1

[Event "GEO Women 66 Ch"]
[Site "?"]
[Date "2009.01.17"]
[Round "1.5"]
[White "Guramishvili, Sopiko"]
[Black "Gvetadze, Sopio"]
[Result "1/2-1/2"]
[WhiteElo "2281"]
[BlackElo "2377"]
[PlyCount "163"]
[EventDate "2009.01.21"]

1. d4 Nc6 2. Nf3 d5 3. g3 Bf5 4. Bg2 Nb4 5. Na3 e6 6. c3 Na6 7. O-O h6 8. Qb3
Rb8 9. c4 Nf6 10. Ne5 c6 11. Nc2 Bd6 12. Ne3 Bh7 13. f4 O-O 14. f5 Nc5 15. Qd1
Nce4 16. b3 c5 17. Bb2 cxd4 18. Bxd4 Qc7 19. Nd3 e5 20. Nxd5 Nxd5 21. cxd5 Nxg3
22. Rc1 Qe7 23. f6 gxf6 24. hxg3 exd4 25. Nf4 Qe3+ 26. Kh2 Kh8 27. Rc4 Rg8 28.
Rf3 Qe5 29. Qxd4 Qg5 30. Qf2 Be5 31. Nd3 Bxd3 32. Rxd3 Bd6 33. Bh3 h5 34. Kg2
Rbe8 35. Qf3 Qh6 36. Qf2 Qg5 37. Qf3 Qe5 38. Kf2 Rg5 39. Rh4 Reg8 40. Kf1 Qa1+
41. Kf2 Bxg3+ 42. Qxg3 Rxg3 43. Rxh5+ Kg7 44. Rxg3+ Kf8 45. Rxg8+ Kxg8 46. Rh4
Qe5 47. Bg2 f5 48. Rc4 Kg7 49. Bf3 Kf6 50. Kg2 Ke7 51. Rb4 b6 52. Rc4 Kd7 53.
Rc2 Qd4 54. Rc4 Qb2 55. Ra4 a5 56. Rf4 Qxa2 57. Rxf5 Ke7 58. Re5+ Kd6 59. Re3
b5 60. Rc3 f5 61. Rc6+ Kd7 62. Ra6 Qd2 63. Ra7+ Kd6 64. Ra6+ Kc5 65. d6 Kb4 66.
Rb6 Qd4 67. Ra6 Qd2 68. Rb6 Qg5+ 69. Kf1 Qd8 70. Ra6 Qc8 71. Ra7 Qc1+ 72. Kg2
Qg5+ 73. Kf1 Qc1+ 74. Kg2 Qg5+ 75. Kf1 Qd8 76. d7 Kc5 77. e3 Qe7 78. Rc7+ Kd6
79. Rb7 Kc5 80. Rc7+ Kd6 81. Rb7 Kc5 82. Rc7+ 1/2-1/2

[Event "GEO Women 66 Ch"]
[Site "?"]
[Date "2009.01.17"]
[Round "1.6"]
[White "Melia, Salome"]
[Black "Tsatsalashvili, Ketevan"]
[Result "1-0"]
[WhiteElo "2422"]
[BlackElo "2231"]
[PlyCount "95"]
[EventDate "2009.01.21"]

1. e4 c6 2. d4 d5 3. exd5 cxd5 4. c4 Nf6 5. Nc3 e6 6. Nf3 Bb4 7. cxd5 Nxd5 8.
Bd2 Nc6 9. Bd3 Be7 10. O-O O-O 11. Re1 Bf6 12. Nxd5 exd5 13. Ne5 g6 14. Nxc6
bxc6 15. Bb4 Re8 16. Rxe8+ Qxe8 17. Bc5 Be6 18. Rc1 Qb8 19. Qd2 Bd8 20. Ba6 Bc7
21. g3 Bc8 22. Bf1 Be6 23. h4 h5 24. Be7 Qe8 25. Qg5 Bd8 26. Bxd8 Rxd8 27. b4
Rb8 28. a3 Rb6 29. Rc3 Kh7 30. Rf3 Rb7 31. Bd3 Kg7 32. Qe5+ Kg8 33. Re3 Qb8 34.
Qf6 Bg4 35. Qxc6 Qc7 36. Qxd5 Qc1+ 37. Kh2 Rb6 38. Re8+ Kg7 39. Qe5+ Rf6 40.
Rg8+ Kxg8 41. Qxf6 Bc8 42. Be4 Qe1 43. Bd5 Qe8 44. Qxg6+ Kf8 45. Qxh5 Qd7 46.
Qh8+ Ke7 47. Qe5+ Kf8 48. Bg2 1-0

[Event "GEO Women 66 Ch"]
[Site "?"]
[Date "2009.01.18"]
[Round "2.1"]
[White "Melia, Salome"]
[Black "Arabidze, Meri"]
[Result "1/2-1/2"]
[WhiteElo "2422"]
[BlackElo "2246"]
[PlyCount "159"]
[EventDate "2009.01.21"]

1. e4 c6 2. d4 d5 3. exd5 cxd5 4. c4 Nf6 5. Nc3 e6 6. Nf3 Bb4 7. cxd5 Nxd5 8.
Bd2 Nc6 9. Bd3 O-O 10. O-O Nf6 11. Bg5 h6 12. Bh4 Be7 13. Re1 b6 14. a3 Bb7 15.
Bc2 Nh5 16. d5 exd5 17. Rxe7 Nxe7 18. Nd4 Nf4 19. Nf5 Nfg6 20. Qd3 Re8 21.
Nxe7+ Rxe7 22. Bxe7 Qxe7 23. Nxd5 Qg5 24. Rd1 Rc8 25. Bb3 Rc1 26. g3 Bxd5 27.
Bxd5 Nf4 28. Rxc1 Nxd3 29. Rc8+ Kh7 30. Be4+ g6 31. Bxd3 Qd2 32. Bf1 Qxb2 33.
a4 Qb3 34. Rc4 a6 35. h4 Kg7 36. Rf4 b5 37. axb5 axb5 38. Kh2 Qb1 39. Kg2 b4
40. Bc4 f5 41. Rf3 Qe4 42. Bd3 Qc6 43. h5 gxh5 44. Bxf5 b3 45. Bb1 b2 46. Bd3
Qd5 47. Bc2 Qb7 48. Bb1 Kg8 49. Ba2+ Kh8 50. Bb1 Kg7 51. Bd3 h4 52. gxh4 b1=Q
53. Bxb1 Qxb1 54. Re3 Kg6 55. h5+ Kxh5 56. Rh3+ Kg6 57. Rg3+ Kh7 58. Rh3 Qd1
59. Rg3 h5 60. Re3 Kh6 61. Rg3 h4 62. Re3 Kg5 63. Rh3 Kg4 64. Re3 Qb1 65. Rh3
Qg6 66. Re3 Qh7 67. Kh2 Qf5 68. Kg2 Qh5 69. Re4+ Kf5 70. Re3 Kf4 71. Rh3 Qg4+
72. Kh2 Qe2 73. Kg2 Kg4 74. Re3 Qc4 75. Rh3 Qd5+ 76. Kh2 Qd6+ 77. Kg2 Qd5+ 78.
Kh2 Qd2 79. Kg2 Qd5+ 80. Kh2 1/2-1/2

[Event "GEO Women 66 Ch"]
[Site "?"]
[Date "2009.01.18"]
[Round "2.2"]
[White "Mikadze, Miranda"]
[Black "Paikidze, Nazi"]
[Result "1/2-1/2"]
[WhiteElo "2287"]
[BlackElo "2280"]
[PlyCount "62"]
[EventDate "2009.01.21"]

1. d4 d5 2. Nc3 Bf5 3. Bg5 c6 4. e3 Nd7 5. Bd3 Bxd3 6. cxd3 Qb6 7. Qc2 e6 8.
Nge2 h6 9. Bf4 Ngf6 10. h3 Be7 11. a3 Qa6 12. Ra2 b6 13. e4 O-O 14. O-O c5 15.
exd5 exd5 16. Re1 Rfe8 17. Raa1 Rac8 18. Qd2 Bf8 19. Rad1 c4 20. Be3 b5 21.
dxc4 Rxc4 22. Qd3 b4 23. axb4 Bxb4 24. Ra1 Qb7 25. Rec1 Rec8 26. Na4 Ne4 27. b3
Rxc1+ 28. Rxc1 Rxc1+ 29. Nxc1 Qc6 30. Qd1 a5 31. Nd3 Bd6 1/2-1/2

[Event "GEO Women 66 Ch"]
[Site "?"]
[Date "2009.01.18"]
[Round "2.3"]
[White "Danelia, Mariam"]
[Black "Lomineishvili, Maia"]
[Result "1/2-1/2"]
[WhiteElo "2219"]
[BlackElo "2437"]
[PlyCount "64"]
[EventDate "2009.01.21"]

1. d4 Nf6 2. c4 e6 3. Nc3 Bb4 4. Qc2 O-O 5. a3 Bxc3+ 6. Qxc3 d6 7. f3 Nbd7 8.
e4 e5 9. d5 a5 10. Be3 a4 11. Ne2 b6 12. Qc2 Nc5 13. Nc3 Bd7 14. g4 Nb3 15. Rd1
Bxg4 16. fxg4 Nxg4 17. Qe2 f5 18. exf5 Nxe3 19. Qxe3 Rxf5 20. Bd3 Rf4 21. Ne2
Qh4+ 22. Qg3 Re8 23. Qxh4 Rxh4 24. O-O Nc5 25. Ng3 Nxd3 26. Rxd3 Rxc4 27. Rc3
Rc5 28. Ne4 Rxd5 29. Rxc7 Rd4 30. Rff7 Rxe4 31. Rxg7+ Kh8 32. Rxh7+ Kg8 1/2-1/2

[Event "GEO Women 66 Ch"]
[Site "?"]
[Date "2009.01.18"]
[Round "2.4"]
[White "Khukhashvili, Sopiko"]
[Black "Gaprindashvili, Nona"]
[Result "1-0"]
[WhiteElo "2416"]
[BlackElo "2376"]
[PlyCount "78"]
[EventDate "2009.01.21"]

1. e4 b6 2. d4 Bb7 3. Bd3 e6 4. c4 Nc6 5. Nf3 Nb4 6. O-O Nxd3 7. Qxd3 d6 8. Nc3
Nf6 9. Be3 Be7 10. d5 O-O 11. Nd4 Qd7 12. h3 c5 13. Nde2 Ne8 14. Rad1 Nc7 15.
Rfe1 a6 16. b3 b5 17. dxe6 fxe6 18. Bxc5 Rad8 19. Bb6 Rc8 20. c5 Na8 21. cxd6
Nxb6 22. dxe7 Qxe7 23. Qd6 Qxd6 24. Rxd6 Rc6 25. Rxc6 Bxc6 26. Nd4 Bd7 27. e5
Rc8 28. Ne4 h6 29. f4 Nd5 30. Nd6 Rc3 31. f5 Nf4 32. Rf1 g5 33. fxe6 Bxe6 34.
Nxe6 Nxe6 35. Rf6 Nf4 36. Nf5 Rc2 37. e6 Rc1+ 38. Kh2 Nxe6 39. Rxe6 a5 1-0

[Event "GEO Women 66 Ch"]
[Site "?"]
[Date "2009.01.18"]
[Round "2.5"]
[White "Khurtsidze, Nino"]
[Black "Guramishvili, Sopiko"]
[Result "1-0"]
[WhiteElo "2421"]
[BlackElo "2281"]
[PlyCount "181"]
[EventDate "2009.01.21"]

1. d4 d5 2. c4 c6 3. e3 Bf5 4. Nf3 e6 5. Nc3 Nd7 6. Be2 Bd6 7. O-O h6 8. c5 Bc7
9. b4 g5 10. Nd2 Ngf6 11. Bb2 Qb8 12. g3 h5 13. Bf3 h4 14. e4 Bh3 15. Bg2 hxg3
16. hxg3 Bxg3 17. fxg3 Qxg3 18. Qf3 Qc7 19. Bxh3 g4 20. Qf4 Qxf4 21. Rxf4 Rxh3
22. e5 Rg3+ 23. Kf1 Nh5 24. Rf2 Rh3 25. Kg1 Ke7 26. Raf1 Rf8 27. Rh2 Rg3+ 28.
Rg2 Rd3 29. Nb3 Ng3 30. Rf4 Rg8 31. Kf2 Nh1+ 32. Kg1 Ng3 33. Nc1 Rf3 34. N3e2
Rxf4 35. Nxf4 Nf5 36. Nce2 Nh4 37. Rg3 Nf3+ 38. Kg2 f6 39. exf6+ Nxf6 40. Rxf3
gxf3+ 41. Kxf3 Ne4 42. Bc3 Nxc3 43. Nxc3 Kf6 44. Nd3 Rg1 45. b5 cxb5 46. Nxb5
Ra1 47. Nd6 Rb1 48. Ke3 Ke7 49. Nc8+ Kd8 50. Nxa7 Kc7 51. a4 Ra1 52. Nb5+ Kd8
53. Nd6 Kc7 54. Nb5+ Kd8 55. Nc3 Ke7 56. Kd2 Rh1 57. Nb5 Ra1 58. Nc3 Rh1 59.
Kc2 Kd8 60. Nb5 Rh4 61. Ne5 Rh3 62. a5 Kc8 63. c6 bxc6 64. Nxc6 Kb7 65. Nb4 Rh1
66. Kb2 Rh3 67. Nd6+ Kc7 68. Ne8+ Kb7 69. a6+ Kb6 70. Nd6 Ka5 71. a7 Rh8 72.
Nf7 Ra8 73. Nc6+ Kb6 74. Nfd8 Kc7 75. Kc3 Kb6 76. Kd3 Kb5 77. Ke3 Kb6 78. Kf4
Kc7 79. Kg5 Kd7 80. Kf6 Kd6 81. Kf7 Rc8 82. Kf8 Ra8 83. Ke8 e5 84. dxe5+ Kc5
85. Kd7 d4 86. Ne6+ Kd5 87. Nc7+ Ke4 88. Nxa8 d3 89. Nb6 d2 90. a8=Q d1=Q+ 91.
Kc7 1-0

[Event "GEO Women 66 Ch"]
[Site "?"]
[Date "2009.01.18"]
[Round "2.6"]
[White "Tsatsalashvili, Ketevan"]
[Black "Gvetadze, Sopio"]
[Result "0-1"]
[WhiteElo "2231"]
[BlackElo "2377"]
[PlyCount "112"]
[EventDate "2009.01.21"]

1. d4 Nc6 2. c4 e5 3. d5 Nce7 4. Nc3 Ng6 5. g3 Bc5 6. Na4 Bb4+ 7. Bd2 Bxd2+ 8.
Qxd2 d6 9. Nc3 f5 10. h4 h6 11. e4 Nf6 12. Bd3 Ne7 13. O-O-O O-O 14. Rf1 a6 15.
f3 fxe4 16. Nxe4 b5 17. Nxf6+ Rxf6 18. Ne2 bxc4 19. Bxc4 Qf8 20. f4 Bg4 21. Rf2
Nf5 22. Qc3 Re8 23. Rhf1 exf4 24. Nxf4 Re3 25. Qd2 Re4 26. Bd3 Nxg3 27. Rg1
Rfxf4 28. Rxf4 Qxf4 29. Qxf4 Rxf4 30. Rxg3 a5 31. Bb5 Bf3 32. Bc6 Bh5 33. Ra3
Rxh4 34. Rxa5 g5 35. Bd7 Rc4+ 36. Kd2 Bg6 37. Ke3 Re4+ 38. Kf2 Kg7 39. Ra4 Kf6
40. Ra3 Rb4 41. b3 Rd4 42. Bc6 Be4 43. Ke3 Ke5 44. Ra7 Rd3+ 45. Ke2 Rc3 46. Kd2
Rc2+ 47. Kd1 g4 48. Rxc7 g3 49. Rg7 g2 50. Bb5 Rxa2 51. Ke1 Bxd5 52. b4 Rb2 53.
Be2 Rxb4 54. Kf2 Rb2 55. Ke3 Kf6 56. Rg4 h5 0-1

[Event "GEO Women 66 Ch"]
[Site "?"]
[Date "2009.01.19"]
[Round "3.1"]
[White "Paikidze, Nazi"]
[Black "Melia, Salome"]
[Result "1-0"]
[WhiteElo "2280"]
[BlackElo "2422"]
[PlyCount "221"]
[EventDate "2009.01.21"]

1. e4 c5 2. Nf3 d6 3. d4 cxd4 4. Nxd4 Nf6 5. Nc3 Nc6 6. Bg5 e6 7. Qd2 Qb6 8.
Bxf6 gxf6 9. Nb3 Bd7 10. O-O-O O-O-O 11. f4 Rg8 12. Qe2 Na5 13. Kb1 Nxb3 14.
axb3 Qc5 15. g3 Kb8 16. f5 Rg5 17. Bh3 Qe5 18. Rhf1 Bc6 19. Qf3 Re8 20. Qf2 Be7
21. Rfe1 Rh5 22. Rd5 exd5 23. exd5 Bd7 24. Rxe5 fxe5 25. Qf1 f6 26. Ne4 Rg8 27.
c4 a6 28. Ka2 Rh6 29. c5 Bb5 30. Qg2 dxc5 31. d6 Bd8 32. Nxc5 Bc6 33. Qf1 Bb5
34. Qd1 Rxh3 35. Qd5 Rg7 36. d7 Rxd7 37. Nxd7+ Bxd7 38. Qxd7 Bc7 39. Qe8+ Ka7
40. Qe7 Bb6 41. Qxf6 Bd4 42. Qe7 Rxh2 43. f6 Rxb2+ 44. Ka3 Rc2 45. f7 Bc5+ 46.
Qxc5+ Rxc5 47. f8=Q Rc6 48. Qf2+ Kb8 49. Qf5 h6 50. Qxe5+ Ka7 51. Qd4+ Kb8 52.
Qd8+ Ka7 53. Ka4 Rg6 54. Qd4+ Ka8 55. Qc5 Rg4+ 56. b4 Rg6 57. Qf5 Rc6 58. b5
axb5+ 59. Kxb5 Ra6 60. Qf8+ Ka7 61. Kc5 Rc6+ 62. Kd5 Ra6 63. Qd8 Rc6 64. Kd4
Rg6 65. Qc7 Rc6 66. Qd7 Rg6 67. Qa4+ Ra6 68. Qe8 Rc6 69. Kd5 Ra6 70. g4 Rf6 71.
Qe3+ Ka8 72. Kc5 Rc6+ 73. Kb5 Ra6 74. Qe1 Ka7 75. Qe8 Rb6+ 76. Kc5 Ra6 77. Qd8
Rc6+ 78. Kd5 Ra6 79. Qc7 Ka8 80. Qd8+ Ka7 81. Kc5 Rc6+ 82. Kd5 Ra6 83. Qc8 Rg6
84. Qc5+ Ka8 85. Qf8+ Ka7 86. Qf2+ Ka8 87. Qc2 Ra6 88. Qf2 Kb8 89. Qf8+ Ka7 90.
Qe8 Rf6 91. Ke5 Ra6 92. Qd8 Rc6 93. Kd5 Ra6 94. Qe8 Rf6 95. Qb5 Ra6 96. Kc5 Rg6
97. Qa4+ Ra6 98. Qb4 Re6 99. Kd5 Ra6 100. Qc5+ Kb8 101. Qb5 Ka7 102. Ke5 Rc6
103. Kf4 Ra6 104. Kg3 Re6 105. Kh4 Ra6 106. Qc5+ Kb8 107. Kh5 Ka8 108. Qe3 Kb8
109. Qxh6 Rxh6+ 110. Kxh6 b5 111. g5 1-0

[Event "GEO Women 66 Ch"]
[Site "?"]
[Date "2009.01.19"]
[Round "3.2"]
[White "Lomineishvili, Maia"]
[Black "Mikadze, Miranda"]
[Result "1/2-1/2"]
[WhiteElo "2437"]
[BlackElo "2287"]
[PlyCount "84"]
[EventDate "2009.01.21"]

1. d4 Nf6 2. c4 c6 3. Nf3 d5 4. Nc3 dxc4 5. a4 Na6 6. e3 Bg4 7. Bxc4 e6 8. O-O
Nb4 9. h3 Bh5 10. Be2 Be7 11. b3 O-O 12. Bb2 c5 13. Rc1 Rc8 14. dxc5 Rxc5 15.
Nd4 Bg6 16. Ba3 Qb6 17. Bb5 Rc7 18. Bxb4 Bxb4 19. Na2 Bd6 20. Bc4 Ba3 21. Nb5
Rd7 22. Nxa3 Rxd1 23. Rfxd1 Rd8 24. Nb5 h6 25. Rxd8+ Qxd8 26. Nd4 Kh7 27. Nc3
Qa5 28. Nf3 Ne4 29. Nxe4 Bxe4 30. Rd1 Bxf3 31. gxf3 Qc7 32. Rd4 g6 33. Bb5 Kg7
34. Kg2 a6 35. Bc4 Kf6 36. Rf4+ Ke7 37. Rd4 Qc5 38. Bd3 Qc3 39. Bc4 g5 40. Rd3
Qa5 41. Rd4 Qc5 42. Bd3 Qc3 1/2-1/2

[Event "GEO Women 66 Ch"]
[Site "?"]
[Date "2009.01.19"]
[Round "3.4"]
[White "Guramishvili, Sopiko"]
[Black "Khukhashvili, Sopiko"]
[Result "0-1"]
[WhiteElo "2281"]
[BlackElo "2416"]
[PlyCount "106"]
[EventDate "2009.01.21"]

1. d4 Nf6 2. c4 e6 3. Nf3 b6 4. g3 Bb7 5. Bg2 Be7 6. O-O O-O 7. Re1 c5 8. d5
exd5 9. Nh4 Ne4 10. cxd5 Bxh4 11. Bxe4 Bf6 12. Nc3 d6 13. Bf4 Re8 14. Qc2 g6
15. Bg2 a6 16. a4 Be5 17. Bxe5 Rxe5 18. Rad1 Nd7 19. f4 Re8 20. Ne4 Nf6 21. Nf2
Re3 22. Rd3 Qe7 23. Qc3 Rxd3 24. Qxd3 Re8 25. Qb3 b5 26. axb5 axb5 27. Qxb5
Bxd5 28. Bxd5 Nxd5 29. e4 Nc7 30. Qd3 Ne6 31. Rd1 Nd4 32. b4 Rb8 33. bxc5 dxc5
34. Qa3 Rb3 35. Qa8+ Kg7 36. Qd5 Rb2 37. e5 Qa7 38. Qd6 Ne6 39. Rd2 Rb1+ 40.
Rd1 Rb2 41. Rd2 Rb8 42. Qc6 Qa5 43. Rd1 Qc3 44. Qe4 Nd4 45. Rd3 Rb1+ 46. Kg2
Qa1 47. Rd2 Rg1+ 48. Kh3 Qf1+ 49. Kh4 Rg2 50. Rxd4 Rxf2 51. Rd6 Rxh2+ 52. Kg4
Qh3+ 53. Kf3 Qg2+ 0-1

[Event "GEO Women 66 Ch"]
[Site "?"]
[Date "2009.01.19"]
[Round "3.5"]
[White "Gvetadze, Sopio"]
[Black "Khurtsidze, Nino"]
[Result "1/2-1/2"]
[WhiteElo "2377"]
[BlackElo "2421"]
[PlyCount "28"]
[EventDate "2009.01.21"]

1. e4 c5 2. Nf3 d6 3. c3 Nf6 4. Be2 e6 5. O-O Nc6 6. d3 Be7 7. Re1 O-O 8. Bf1
Bd7 9. d4 cxd4 10. cxd4 d5 11. e5 Ne4 12. Nc3 Nxc3 13. bxc3 Qc7 14. Bd3 f5
1/2-1/2

[Event "GEO Women 66 Ch"]
[Site "?"]
[Date "2009.01.19"]
[Round "3.6"]
[White "Arabidze, Meri"]
[Black "Tsatsalashvili, Ketevan"]
[Result "0-1"]
[WhiteElo "2246"]
[BlackElo "2231"]
[PlyCount "82"]
[EventDate "2009.01.21"]

1. d4 Nf6 2. c4 e6 3. Nc3 d5 4. Nf3 Bb4 5. cxd5 exd5 6. Bg5 O-O 7. e3 c5 8. Bd3
c4 9. Bc2 Nbd7 10. O-O Qa5 11. Ne5 Re8 12. Nxd7 Nxd7 13. Ne2 Nf8 14. a3 Bd6 15.
Bf4 Qc7 16. Bxd6 Qxd6 17. Nc3 Bd7 18. Qd2 Bc6 19. f3 Qh6 20. Rae1 Ne6 21. Qf2
f6 22. b3 b5 23. bxc4 bxc4 24. e4 Nf4 25. exd5 Nxd5 26. Ba4 Bxa4 27. Nxd5 Rad8
28. Nc3 Bb3 29. d5 a5 30. d6 Rxe1 31. Qxe1 Qh5 32. Ne4 Bc2 33. Rf2 Bd3 34. Qe3
Qe5 35. Rd2 Rxd6 36. f4 Qa1+ 37. Kf2 Qf1+ 38. Kg3 Re6 39. Rf2 Rxe4 40. Qc5 Qe1
41. Qd5+ Kh8 0-1

[Event "GEO Women 66 Ch"]
[Site "?"]
[Date "2009.01.20"]
[Round "4.1"]
[White "Melia, Salome"]
[Black "Lomineishvili, Maia"]
[Result "1/2-1/2"]
[WhiteElo "2422"]
[BlackElo "2437"]
[PlyCount "21"]
[EventDate "2009.01.21"]

1. e4 c5 2. Nf3 Nc6 3. Bb5 d6 4. Bxc6+ bxc6 5. h3 e5 6. O-O Nf6 7. Re1 Be7 8.
c3 O-O 9. d4 exd4 10. cxd4 d5 11. exd5 1/2-1/2

[Event "GEO Women 66 Ch"]
[Site "?"]
[Date "2009.01.20"]
[Round "4.2"]
[White "Arabidze, Meri"]
[Black "Paikidze, Nazi"]
[Result "1/2-1/2"]
[WhiteElo "2246"]
[BlackElo "2280"]
[PlyCount "87"]
[EventDate "2009.01.21"]

1. d4 d5 2. c4 c6 3. Nf3 Nf6 4. Qb3 a6 5. Bg5 e6 6. Nc3 dxc4 7. Qxc4 b5 8. Qb3
Be7 9. e3 Nbd7 10. Be2 O-O 11. O-O c5 12. a4 b4 13. Nb1 cxd4 14. Nxd4 Bb7 15.
Nd2 Nc5 16. Qd1 Qd5 17. N4f3 Rfd8 18. Qc2 Rac8 19. Nc4 Nce4 20. Bxf6 Nxf6 21.
Rfd1 Qc5 22. Rxd8+ Rxd8 23. Rd1 Bd5 24. Nfe5 Rc8 25. Qd3 h6 26. h3 Rb8 27. Bf3
Bxf3 28. gxf3 Rd8 29. Qe2 Rd5 30. f4 Bd8 31. Kh2 Rxd1 32. Qxd1 Bc7 33. Qf3 Qd5
34. Qxd5 exd5 35. Nd2 g5 36. Kg3 gxf4+ 37. exf4 Nh5+ 38. Kf3 Nxf4 39. Nc6 Bd6
40. h4 Nd3 41. b3 Kg7 42. Nf1 Nc1 43. Ne3 Bc5 44. Nxd5 1/2-1/2

[Event "GEO Women 66 Ch"]
[Site "?"]
[Date "2009.01.20"]
[Round "4.3"]
[White "Mikadze, Miranda"]
[Black "Gaprindashvili, Nona"]
[Result "1/2-1/2"]
[WhiteElo "2287"]
[BlackElo "2376"]
[PlyCount "77"]
[EventDate "2009.01.21"]

1. e4 b6 2. Nf3 Bb7 3. Nc3 e6 4. a3 g6 5. d4 Bg7 6. Bg5 Ne7 7. Qd2 h6 8. Be3 d6
9. O-O-O Nd7 10. Bd3 a6 11. h4 b5 12. h5 g5 13. Nh2 c5 14. dxc5 dxc5 15. f4
gxf4 16. Bxf4 Nc6 17. Ng4 Nde5 18. Be2 Qxd2+ 19. Rxd2 Nxg4 20. Bxg4 Ne5 21. Bf3
Bc6 22. Nd1 Nc4 23. Re2 Be5 24. Bxe5 Nxe5 25. Nf2 Rd8 26. Ng4 Nxg4 27. Bxg4 Rg8
28. Bf3 Rg5 29. Rd2 Re5 30. Rh4 Rc8 31. Rf2 Ke7 32. Rf4 Rg8 33. Kd2 Rg7 34. Kc3
Rg3 35. Kd2 a5 36. Be2 Rg7 37. Bf3 Rg3 38. Be2 Rg7 39. Bf3 1/2-1/2

[Event "GEO Women 66 Ch"]
[Site "?"]
[Date "2009.01.20"]
[Round "4.4"]
[White "Danelia, Mariam"]
[Black "Guramishvili, Sopiko"]
[Result "0-1"]
[WhiteElo "2219"]
[BlackElo "2281"]
[PlyCount "92"]
[EventDate "2009.01.21"]

1. d4 Nf6 2. c4 e6 3. Nc3 Bb4 4. Qc2 O-O 5. a3 Bxc3+ 6. Qxc3 b6 7. Bg5 Bb7 8.
f3 d5 9. e3 Nbd7 10. Bd3 h6 11. Bh4 c5 12. cxd5 cxd4 13. Qxd4 e5 14. Qc3 Bxd5
15. Ne2 Rc8 16. Qd2 Be6 17. b4 e4 18. Ba6 exf3 19. gxf3 Ra8 20. O-O Qe7 21. Nd4
Bh3 22. Rfe1 Ne5 23. Qf2 Ng6 24. Bg3 Bc8 25. Bf1 Bd7 26. Ba6 Bc8 27. Bf1 Ne5
28. Rac1 Bb7 29. e4 g6 30. Bf4 Rfd8 31. Rcd1 Kh7 32. Bg2 Nh5 33. Bc1 Rac8 34.
Be3 Qf6 35. h3 Rc3 36. Qb2 Rd3 37. Qe2 Rxa3 38. Bc1 Rd3 39. Nc2 Ng3 40. Qf2
Rxd1 41. Qxg3 Qc6 42. Bb2 Qxc2 43. Qxe5 Rxe1+ 44. Kh2 Rg8 45. Qf6 Qb3 46. Bd4
Rd1 0-1

[Event "GEO Women 66 Ch"]
[Site "?"]
[Date "2009.01.20"]
[Round "4.5"]
[White "Khukhashvili, Sopiko"]
[Black "Gvetadze, Sopio"]
[Result "1/2-1/2"]
[WhiteElo "2416"]
[BlackElo "2377"]
[PlyCount "83"]
[EventDate "2009.01.21"]

1. e4 Nf6 2. e5 Nd5 3. d4 d6 4. Nf3 g6 5. Be2 Bg7 6. O-O O-O 7. Re1 Nc6 8. exd6
cxd6 9. c4 Nb6 10. h3 Bf5 11. Bf1 e5 12. d5 Nb4 13. Na3 h6 14. Be3 g5 15. Qd2
Na6 16. b4 Bg6 17. c5 dxc5 18. Bxa6 cxb4 19. Bxb7 Rb8 20. Bxb6 Qxb6 21. Nc4
Qxb7 22. Ncxe5 Rbd8 23. Rad1 a5 24. d6 Bf5 25. h4 f6 26. Nc4 a4 27. Nd4 Bg4 28.
Rb1 Qd5 29. Rxb4 f5 30. Nb5 Qxd2 31. Nxd2 f4 32. hxg5 hxg5 33. Ne4 Rfe8 34. Rc1
Bd7 35. Nc7 Re5 36. Nc5 a3 37. Kf1 Bf8 38. Rd4 f3 39. Nxd7 Rxd7 40. Rcd1 Bxd6
41. gxf3 Rxc7 42. Rxd6 1/2-1/2

[Event "GEO Women 66 Ch"]
[Site "?"]
[Date "2009.01.20"]
[Round "4.6"]
[White "Tsatsalashvili, Ketevan"]
[Black "Khurtsidze, Nino"]
[Result "1-0"]
[WhiteElo "2231"]
[BlackElo "2421"]
[PlyCount "87"]
[EventDate "2009.01.21"]

1. d4 d6 2. Nf3 g6 3. c4 Bg7 4. e4 Bg4 5. Be2 Nc6 6. Be3 e5 7. d5 Bxf3 8. Bxf3
Nd4 9. h4 h5 10. g3 Ne7 11. Nd2 c5 12. Nb3 Bh6 13. Bxh6 Rxh6 14. Nxd4 cxd4 15.
O-O Ng8 16. Qd2 f6 17. Qd1 a5 18. Be2 Qb6 19. Rb1 Rh7 20. Kg2 Re7 21. Qd2 Qb4
22. Qc1 a4 23. a3 Qc5 24. b4 axb3 25. Rxb3 Kf8 26. Qb2 Ra7 27. Ra1 Nh6 28. Rb5
Qc8 29. c5 dxc5 30. Qc1 Kg7 31. Rxc5 Qd8 32. Rc8 Qd6 33. a4 Nf7 34. Qc2 Qb6 35.
Rc5 Nd6 36. Rb1 Qd8 37. Rc1 Ra8 38. Bd3 Qb6 39. Rc7 Rxc7 40. Qxc7+ Qxc7 41.
Rxc7+ Kf8 42. Rd7 Nf7 43. Bb5 Nd8 44. a5 1-0

[Event "GEO Women 66 Ch"]
[Site "?"]
[Date "2009.01.21"]
[Round "5.1"]
[White "Gaprindashvili, Nona"]
[Black "Melia, Salome"]
[Result "1/2-1/2"]
[WhiteElo "2376"]
[BlackElo "2422"]
[PlyCount "94"]
[EventDate "2009.01.21"]

1. d4 Nf6 2. c4 e6 3. Nc3 Bb4 4. g3 c5 5. Nf3 Nc6 6. Bg2 Ne4 7. Qd3 cxd4 8.
Nxd4 Nxc3 9. bxc3 Ne5 10. Qc2 Be7 11. Qb3 O-O 12. O-O d6 13. Bf4 Qc7 14. Nb5
Qc5 15. Bxe5 dxe5 16. a4 Bd7 17. Qb4 Qxb4 18. cxb4 Bxb4 19. Bxb7 Rab8 20. Bf3
Bc5 21. Rfd1 Rfd8 22. Ra2 Bxb5 23. Rxd8+ Rxd8 24. cxb5 f5 25. Bc6 Kf7 26. a5
Rc8 27. Kg2 Ke7 28. Rc2 Bd6 29. Rd2 Rc7 30. Rc2 Rc8 31. e4 Bb8 32. Rd2 Rd8 33.
Ra2 Rd3 34. Kf1 Rc3 35. Rd2 Bd6 36. Bb7 Ra3 37. a6 Rb3 38. Bc6 Rb4 39. Ke2 fxe4
40. Kd1 h6 41. Kc2 Rc4+ 42. Kb3 Rb4+ 43. Kc3 Rb1 44. Kc2 Ra1 45. Kb3 Rb1+ 46.
Kc2 Ra1 47. Kb2 Ra4 1/2-1/2